[Event "Araraquara op 2nd"]
[Site "Araraquara"]
[Date "2024.02.11"]
[Round "4"]
[White "Sampaio, Andre Luiz"]
[Black "Da Silva, Marcos Vinicius Ina"]
[Result "1-0"]
[WhiteElo "1624"]
[BlackElo "1800"]
[PlyCount "49"]
[EventDate "2024.02.10"]
[EventType "swiss"]
[EventRounds "7"]
[EventCountry "BRA"]
[SourceTitle "CB09_2024"]
[SourceDate "2024.02.28"]
[SourceVersion "1"]
[SourceVersionDate "2024.02.28"]
[SourceQuality "1"]

1. d4 Nf6 2. c4 g6 3. Nf3 Bg7 4. Nc3 d5 5. e3 0-0 6. h3 h5 7. Be2 c6 8. Ne5 Nbd7 9. f4 dxc4 10. g4 hxg4 11. hxg4 Nxe5 12. fxe5 Nd5 13. Bxc4 b5 14. Bxd5 cxd5 15. Qf3 Qa5 16. Bd2 Bb7 17. Qh3 Rfc8 18. Qh7+ Kf8 19. e6 b4 20. exf7 Kxf7 21. Rf1+ Ke8 22. Qxg6+ Kd7 23. Ne2 Rg8 24. Qf5+ e6 25. Qf7+ 1-0

[Event "Mombaca op 6th"]
[Site "Mombaca"]
[Date "2022.08.19"]
[Round "1"]
[White "Leite, Arthur Santana Fari"]
[Black "Sampaio, Andre Luiz"]
[Result "0-1"]
[WhiteElo "1742"]
[BlackElo "1666"]
[PlyCount "51"]
[EventDate "2022.08.19"]
[EventType "swiss"]
[EventRounds "6"]
[EventCountry "BRA"]
[SourceTitle "CBM 210 Extra"]
[Source "ChessBase"]
[SourceDate "2022.11.30"]
[SourceVersion "1"]
[SourceVersionDate "2022.11.30"]
[SourceQuality "1"]

1. e4 e6 2. d4 d5 3. e5 c5 4. c3 Qb6 5. Nf3 Bd7 6. Be2 cxd4 7. Nxd4 Nc6 8. Nxc6 Bxc6 9. b4 Ne7 10. Nd2 Ng6 11. Nf3 Rc8 12. Qc2 Be7 13. Be3 Qc7 14. Nd4 a6 15. Nxc6 Qxc6 16. a4 Qxc3+ 17. Qxc3 Rxc3 18. Bd4 Bxb4 19. 0-0 Rc8 20. Rab1 a5 21. Bb5+ Ke7 22. f4 Bc3 23. Bf2 f6 24. exf6+ gxf6 25. Be3 Bb4 26. f5 0-1

[Event "Caxambu Casa do Xadrez op"]
[Site "Caxambu"]
[Date "2022.07.23"]
[Round "3"]
[White "Sampaio, Andre Luiz"]
[Black "Rocha, Marco Antonio Araga"]
[Result "1-0"]
[WhiteElo "1670"]
[BlackElo "1810"]
[PlyCount "73"]
[EventDate "2022.07.22"]
[EventType "swiss"]
[EventRounds "6"]
[EventCountry "BRA"]
[SourceTitle "CBM 209 Extra"]
[Source "ChessBase"]
[SourceDate "2022.09.30"]
[SourceVersion "1"]
[SourceVersionDate "2022.09.30"]
[SourceQuality "1"]

1. d4 Nf6 2. Nc3 d5 3. Bf4 c6 4. Qd2 Bf5 5. f3 e6 6. g4 Bg6 7. h4 h6 8. 0-0-0 b5 9. h5 Bh7 10. g5 hxg5 11. Bxg5 Qa5 12. Bxf6 gxf6 13. Qf4 Nd7 14. h6 b4 15. Nb1 Rc8 16. e4 Qxa2 17. Bd3 Qa5 18. Ne2 dxe4 19. fxe4 c5 20. e5 f5 21. d5 c4 22. dxe6 fxe6 23. Bxc4 Qc5 24. Qd2 Qc6 25. Bb3 a5 26. Nd4 Qb7 27. Nxe6 Nc5 28. Bd5 f4 29. Nxc5 Qa7 30. Qxf4 Rxc5 31. Be4 Rg8 32. Qd2 Rc8 33. Bc6+ Rxc6 34. Qd8+ Kf7 35. Rdf1+ Kg6 36. Rhg1+ Kxh6 37. Qh4# 1-0

[Event "Pan American-ch U1700"]
[Site "Timbo"]
[Date "2021.12.02"]
[Round "4"]
[White "Frohlich, Mateus Henrique"]
[Black "Sampaio, Andre Luiz"]
[Result "1-0"]
[WhiteElo "1559"]
[BlackElo "1649"]
[PlyCount "41"]
[EventDate "2021.12.01"]
[EventType "swiss"]
[EventRounds "9"]
[EventCountry "BRA"]
[SourceTitle "CBM 205 Extra"]
[Source "ChessBase"]
[SourceDate "2022.01.31"]
[SourceVersion "1"]
[SourceVersionDate "2022.01.31"]
[SourceQuality "1"]

1. e4 e6 2. d4 d5 3. exd5 exd5 4. Bd3 Bd6 5. Ne2 Ne7 6. Nd2 Bg4 7. c3 c6 8. 0-0 Nd7 9. Re1 Qc7 10. Nf1 0-0 11. Bg5 Rae8 12. Qc2 Ng6 13. Neg3 Bf4 14. Bxf4 Qxf4 15. h3 Be6 16. Re3 Nf6 17. Rf3 Qc7 18. Qd2 Nh4 19. Rxf6 gxf6 20. Qh6 Ng6 21. Nh5 1-0

[Event "Bom Jesus do Itabapoana op 1st"]
[Site "Bom Jesus do Itabapoana"]
[Date "2021.08.29"]
[Round "6"]
[White "De Freitas, Isabella Ribeiro Co"]
[Black "Sampaio, Andre Luiz"]
[Result "1-0"]
[WhiteElo "1862"]
[BlackElo "1660"]
[PlyCount "59"]
[EventDate "2021.08.26"]
[EventType "swiss"]
[EventRounds "6"]
[EventCountry "BRA"]
[SourceTitle "CBM 204 Extra"]
[Source "ChessBase"]
[SourceDate "2021.11.30"]
[SourceVersion "1"]
[SourceVersionDate "2021.11.30"]
[SourceQuality "1"]

1. c4 e5 2. Nc3 Nf6 3. g3 d5 4. cxd5 Nxd5 5. Bg2 Nb6 6. Nf3 Nc6 7. 0-0 Be7 8. d3 0-0 9. Be3 Be6 10. Rc1 f5 11. a3 Nd5 12. Nxd5 Bxd5 13. b4 a6 14. Bc5 Rf7 15. Bxe7 Qxe7 16. Rc5 Rd8 17. Rxd5 Rxd5 18. Ng5 e4 19. Nxf7 Qxf7 20. Qb1 Nd4 21. Re1 Re5 22. dxe4 f4 23. Qd3 Nc6 24. Rd1 fxg3 25. hxg3 Qa2 26. f4 Re8 27. Qd5+ Qxd5 28. exd5 Ne7 29. e4 Ng6 30. Rc1 1-0

[Event "Florianopolis op 7th"]
[Site "Florianopolis"]
[Date "2021.01.21"]
[Round "6"]
[White "De Carvalho, Christopher"]
[Black "Sampaio, Andre Luiz"]
[Result "1/2-1/2"]
[WhiteElo "2121"]
[BlackElo "1657"]
[PlyCount "91"]
[EventDate "2021.01.18"]
[EventType "swiss"]
[EventRounds "10"]
[EventCountry "BRA"]
[SourceTitle "CBM 200 Extra"]
[Source "ChessBase"]
[SourceDate "2021.03.31"]
[SourceVersion "1"]
[SourceVersionDate "2021.03.31"]
[SourceQuality "1"]

1. c4 e5 2. Nc3 Nf6 3. g3 Be7 4. Bg2 0-0 5. e4 Nc6 6. Nge2 d6 7. 0-0 Be6 8. d3 Qd7 9. f4 Bh3 10. f5 Bxg2 11. Kxg2 Rad8 12. h3 Nb8 13. g4 Ne8 14. g5 f6 15. g6 hxg6 16. fxg6 f5 17. Ng3 f4 18. Nd5 Bg5 19. Qh5 Bh6 20. Nf5 Rxf5 21. Qxf5 c6 22. Ne3 Nf6 23. Qxd7 Nbxd7 24. Nf5 Nc5 25. Rd1 Ne6 26. b4 Nf8 27. Kf3 Nxg6 28. Bb2 Kf7 29. a4 Bg5 30. Rg1 Nh4+ 31. Nxh4 Bxh4 32. d4 exd4 33. Bxd4 Bg3 34. Rad1 Nd7 35. c5 dxc5 36. bxc5 b6 37. cxb6 axb6 38. Bxb6 Ne5+ 39. Kg2 Rh8 40. Rd6 Bh4 41. Bd4 f3+ 42. Kf1 Rb8 43. Rxg7+ Kf8 44. Kg1 Rb1+ 45. Kh2 Kxg7 46. Bxe5+ 1/2-1/2

[Event "Sao Jose dos Campos IRT op"]
[Site "Sao Jose dos Campos"]
[Date "2020.12.19"]
[Round "3"]
[White "Muniz, Henrique Rocha"]
[Black "Sampaio, Andre Luiz"]
[Result "1/2-1/2"]
[WhiteElo "1173"]
[BlackElo "1670"]
[PlyCount "138"]
[EventDate "2020.12.18"]
[EventType "swiss"]
[EventRounds "5"]
[EventCountry "BRA"]
[SourceTitle "EXT 2022"]
[Source "ChessBase"]
[SourceDate "2021.10.06"]
[SourceVersion "1"]
[SourceVersionDate "2021.10.06"]
[SourceQuality "1"]

1. e4 e6 2. d4 d5 3. e5 c5 4. c3 Nc6 5. Nf3 Qb6 6. Be2 Bd7 7. 0-0 Nge7 8. dxc5 Qxc5 9. Be3 Qa5 10. b4 Qc7 11. Bf4 Ng6 12. Bg3 Ncxe5 13. Nxe5 Nxe5 14. f4 Nc4 15. f5 Bd6 16. Bxc4 Bxg3 17. fxe6 Bxe6 18. Bb5+ Kf8 19. hxg3 Qb6+ 20. Qd4 Qxb5 21. Qe5 Qb6+ 22. Kh1 h5 23. Rf4 Re8 24. Qd4 Qxd4 25. Rxd4 Rc8 26. a4 Rc4 27. Rxc4 dxc4 28. Nd2 Ke7 29. Re1 Kf6 30. Ne4+ Kg6 31. Nc5 h4 32. Kh2 hxg3+ 33. Kxg3 Bd5 34. Rd1 Rh5 35. Kf4 Rf5+ 36. Kg3 b6 37. Nd7 f6 38. Nf8+ Kf7 39. Nh7 g6 40. Re1 Re5 41. Rxe5 fxe5 42. Ng5+ Kf6 43. Nf3 Bxf3 44. Kxf3 Kf5 45. Ke3 g5 46. Kf3 e4+ 47. Kg3 g4 48. Kf2 e3+ 49. Kxe3 Ke5 50. b5 Kf5 51. Kf2 Ke4 52. Ke2 Ke5 53. Ke3 Kd5 54. Kf4 g3 55. Kf3 Kd6 56. Ke4 Ke6 57. Kf4 Kd5 58. Kf5 Kd6 59. Kf4 Kd5 60. Kxg3 Ke4 61. Kf2 Kd3 62. g4 Kxc3 63. g5 Kb2 64. g6 c3 65. g7 c2 66. g8Q c1Q 67. Qg7+ Qc3 68. Qxa7 Qf6+ 69. Ke3 Qe5+ 1/2-1/2

[Event "Barbacena Inconfidentes Cup"]
[Site "Barbacena"]
[Date "2020.12.05"]
[Round "2"]
[White "Da Silva, Wagner Afonso"]
[Black "Sampaio, Andre Luiz"]
[Result "1-0"]
[WhiteElo "1941"]
[BlackElo "1670"]
[PlyCount "69"]
[EventDate "2020.12.05"]
[EventType "swiss"]
[EventRounds "5"]
[EventCountry "BRA"]
[SourceTitle "CBM 199 Extra"]
[Source "ChessBase"]
[SourceDate "2021.01.31"]
[SourceVersion "1"]
[SourceVersionDate "2021.01.31"]
[SourceQuality "1"]

1. d4 d5 2. c4 e6 3. Nf3 Nf6 4. Nc3 Be7 5. Bf4 0-0 6. e3 Nbd7 7. cxd5 Nxd5 8. Bg3 N7f6 9. Bd3 Nxc3 10. bxc3 c5 11. 0-0 b6 12. Ne5 Bb7 13. Qe2 h6 14. Rad1 cxd4 15. cxd4 Ne4 16. Rc1 Nxg3 17. hxg3 Bf6 18. Ng4 Re8 19. Nxf6+ Qxf6 20. Rc7 Rab8 21. Rfc1 g6 22. Ba6 Re7 23. Qb5 Bd5 24. a4 Kg7 25. Qb4 Rbe8 26. Bb5 Rxc7 27. Rxc7 Rf8 28. Bd3 Qd8 29. Qc3 Qa8 30. e4 Bxe4 31. d5+ Kg8 32. Bxe4 exd5 33. Bxg6 Qd8 34. Bxf7+ Rxf7 35. Rc8 1-0

[Event "Taubate op"]
[Site "Taubate"]
[Date "2020.11.02"]
[Round "6"]
[White "De Oliveira, Vitor Hugo Correa L"]
[Black "Sampaio, Andre Luiz"]
[Result "1/2-1/2"]
[WhiteElo "1427"]
[BlackElo "1718"]
[PlyCount "98"]
[EventDate "2020.10.31"]
[EventType "swiss"]
[EventRounds "6"]
[EventCountry "BRA"]
[SourceTitle "CBM 199 Extra"]
[Source "ChessBase"]
[SourceDate "2021.01.31"]
[SourceVersion "1"]
[SourceVersionDate "2021.01.31"]
[SourceQuality "1"]

1. e4 c5 2. Nf3 e6 3. d4 cxd4 4. Nxd4 a6 5. Nc3 Qc7 6. f3 Nf6 7. Bg5 Bb4 8. Nde2 Be7 9. Qd2 b5 10. 0-0-0 0-0 11. g4 Nc6 12. Ng3 Ne5 13. Be2 Nc4 14. Bxc4 Qxc4 15. Kb1 Bb4 16. Bxf6 gxf6 17. Nge2 Rd8 18. Qh6 Bf8 19. Qxf6 Re8 20. h4 Bg7 21. Qg5 b4 22. b3 Qc7 23. Na4 Bb7 24. h5 h6 25. Qd2 d5 26. g5 Qe5 27. c3 bxc3 28. Nexc3 Qxg5 29. Qxg5 hxg5 30. Rdg1 f6 31. f4 dxe4 32. fxg5 fxg5 33. Rxg5 Kh7 34. Rg4 Bxc3 35. Nxc3 e3 36. Rh3 Rg8 37. Rxg8 Rxg8 38. Rxe3 Re8 39. Ne4 Bxe4+ 40. Rxe4 Kg7 41. Ra4 Ra8 42. Ra5 Kf6 43. Kc2 Rh8 44. Rxa6 Rxh5 45. a4 Rh3 46. a5 Ke5 47. Ra8 Kd4 48. Rd8+ Kc5 49. Re8 Kd5 1/2-1/2

[Event "Taubate op"]
[Site "Taubate"]
[Date "2020.10.31"]
[Round "1"]
[White "Sampaio, Andre Luiz"]
[Black "Do Valle Cardoso, Lucas"]
[Result "0-1"]
[WhiteElo "1718"]
[BlackElo "2301"]
[PlyCount "78"]
[EventDate "2020.10.31"]
[EventType "swiss"]
[EventRounds "6"]
[EventCountry "BRA"]
[SourceTitle "CBM 199 Extra"]
[Source "ChessBase"]
[SourceDate "2021.01.31"]
[SourceVersion "1"]
[SourceVersionDate "2021.01.31"]
[SourceQuality "1"]

1. d4 d5 2. Nf3 Nf6 3. c4 dxc4 4. Qa4+ Nbd7 5. Qxc4 e6 6. g3 a6 7. Bg2 b5 8. Qc2 Bb7 9. 0-0 c5 10. dxc5 Bxc5 11. Bg5 Rc8 12. Qd1 Qb6 13. e3 0-0 14. Nbd2 h6 15. Bxf6 Nxf6 16. Qe2 Rfd8 17. Rac1 Bf8 18. Nb3 g6 19. Rfd1 Bg7 20. Nbd4 Nd5 21. h4 e5 22. Nc2 e4 23. Nfd4 Nf6 24. Bh3 Rc5 25. Ne1 Rxc1 26. Rxc1 Nd7 27. h5 g5 28. Nf5 Bf8 29. Rd1 Ne5 30. Bg2 Rxd1 31. Qxd1 Qe6 32. g4 Qxa2 33. Qd8 Qe6 34. Bh3 Nf3+ 35. Nxf3 exf3 36. Qb8 Be4 37. Nd4 Qc4 38. Qe8 Qc1+ 39. Kh2 Qe1 0-1

[Event "Bicas Copa dos Inconfidentes"]
[Site "Bicas"]
[Date "2020.10.18"]
[Round "5"]
[White "Lage, Pedro Ferreira"]
[Black "Sampaio, Andre Luiz"]
[Result "1-0"]
[WhiteElo "2055"]
[BlackElo "1718"]
[PlyCount "53"]
[EventDate "2020.10.17"]
[EventType "swiss"]
[EventRounds "5"]
[EventCountry "BRA"]
[SourceTitle "EXT 2022"]
[Source "ChessBase"]
[SourceDate "2021.10.06"]
[SourceVersion "1"]
[SourceVersionDate "2021.10.06"]
[SourceQuality "1"]

1. Nf3 e6 2. g3 d5 3. Bg2 f5 4. d4 Nf6 5. b3 Be7 6. Ba3 0-0 7. Bxe7 Qxe7 8. 0-0 c6 9. Nbd2 Ne4 10. Ne5 Nd7 11. Nxd7 Bxd7 12. Nf3 g5 13. Ne5 Rf6 14. f3 Nd6 15. e4 Rh6 16. Qd2 Be8 17. Rae1 Bg6 18. exd5 cxd5 19. c4 Qg7 20. Qxg5 Nf7 21. Nxf7 Kxf7 22. cxd5 Qxd4+ 23. Kh1 Rh5 24. dxe6+ Kg8 25. Qe3 Qd6 26. f4 Qe7 27. Rd1 1-0